Atlas de Hematología Clínica.

Gardado en:
Detalles Bibliográficos
Autor Principal: Carr, Jacqueline H (autora)
Formato: Unknown
Publicado: Madrid, España: Médica Panamericana, 2023.
Edición:6.ª edición.
Subjects:
Tags: Engadir etiqueta
Sen Etiquetas, Sexa o primeiro en etiquetar este rexistro!

MARC

LEADER 00000 a2200000 4500
003 CL-VaPUC
005 20250117101813.0
008 250107t2023 ||||| |||| 00| 0 eng d
999 |c 445894  |d 445892 
020 |a 9788411061506 
040 |c Pontificia Universidad Católica de Valparaíso 
082 |2 22  |a 616.15 CAR 2023 
100 |a Carr, Jacqueline H  |9 597643  |e autora 
245 |a Atlas de Hematología Clínica. 
250 |a 6.ª edición.  
260 |a Madrid, España:  |b Médica Panamericana,  |c 2023. 
300 |a xiii, 274 páginas :   |b ilustraciones 
500 |a Incluye versión digital.  
583 |k GC  |c 20250107 
650 |a Hematología   |v Atlas  |9 895088 
650 |a Morfología hematológica   |9 895089 
942 |2 ddc  |c BK 
952 |0 0  |1 0  |2 ddc  |4 0  |6 616_150000000000000_CAR_2023  |7 0  |8 A  |9 598847  |a BIBCUR  |b BIBCUR  |d 2025-01-06  |e 3  |g 70454.50  |i 5663793  |l 2  |m 2  |o 616.15 CAR 2023  |p 5663793  |r 2025-05-05  |s 2025-04-11  |t 2  |v 70454.50  |w 2025-01-06  |y BK  |k TEM 
952 |0 0  |1 0  |2 ddc  |4 0  |6 616_150000000000000_CAR_2023  |7 0  |8 A  |9 598848  |a BIBCUR  |b BIBCUR  |d 2025-01-06  |e 3  |g 70454.50  |i 5663792  |l 2  |o 616.15 CAR 2023  |p 5663792  |r 2025-04-23  |s 2025-04-16  |t 1  |v 70454.50  |w 2025-01-06  |y BK  |k TEM